000 00253 a2200109 4500
001 32841
090 _c22009
_d22009
100 _aKhurmi,R.S
245 _aTextbook of Workshop Technology
260 _aNew Delhi
_bS.Chand & Company Ltd
_c1981
300 _av, 551+4
942 _aNUST-CAE
999 _c267914
_d267914